Statystyki dla Wszystkie utwory z płyty ReTo - ,,MOONLIGHT"

Kliknij tutaj aby rozwiązać quiz!

Ogólne statystyki

  • Ten quiz został rozwiązany 6 razy
  • Średni wynik to 9 z 19

Statystyki odpowiedzi

Nr.Nazwa% Poprawnych
19OUTRO/MOONLIGHT
100%
1INTRO (MOONLIGHT)
80%
5NEWSQL
80%
6OVBANGER (LOLLY REMIX)
80%
16KIELON W GÓRĘ (NAJEBANI)
60%
15KILL THESE PEOPLE
60%
8PEŁNIA (SKIT II)
60%
11SPODNIE
60%
3ALKOBLANT
40%
13JUŻ ŚWITA (SKIT III)
40%
10OVR
40%
14BANG BANG!
20%
18BANGERMAJSTER
20%
7DIRTY
20%
9GDYBYM
20%
12HAŁAS
20%
2NADCHODZI NOC (SKIT I)
20%
17PĘTLA
20%
4ROCKEFELLER
20%

Rozkład punktacji

Percentyl według liczby udzielonych odpowiedzi

Procent ludzi z każdym wynikiem

Twoja historia wyników

Nie rozwiązałeś tego quizu